000 00722nam a22002177i 4500
999 _c22897
_d22897
003 AR-CdUCM
008 240513b20182018 pe||||| |||| 00| 0 spa d
020 _a978-612-319-291-4
040 _aMUNICIPALIDAD PROVINCIAL DEL CUSCO
_cBIBLIOTECA MUNICIPAL DEL CUSCO
082 _22ª ed
_a324.2175 / M26
_bM26
100 _aMariátegui, Aldo.
_949844
245 _aEl octavo ensayo /
260 _aLima :
_bEditorial Planeta,
_c2018
300 _a197 páginas. :
_c23 cm.
650 _aLa aurora roja
_949845
650 _aLos años del Stalin peruano
_949846
650 _aNuestra izquierda juega a la guerra
_949847
650 _a"Sudaremos, sudaremos, sudaremos"
_949848
942 _2ddc
_cLIBROS
945 _apbj
_d2024-05-13